UBT Library

Pathology of pulmonary hypertension / (Record no. 46970)

000 -LEADER
fixed length control field 00650cam a2200229 i 4500
001 - CONTROL NUMBER
control field 4598847
005 - DATE AND TIME OF LATEST TRANSACTION
control field 20180809064626.0
008 - FIXED-LENGTH DATA ELEMENTS--GENERAL INFORMATION
fixed length control field 760914s1977 nyua b 001 0 eng
010 ## - LIBRARY OF CONGRESS CONTROL NUMBER
LC control number 76039782
020 ## - INTERNATIONAL STANDARD BOOK NUMBER
International Standard Book Number 0471913553
040 ## - CATALOGING SOURCE
Original cataloging agency DLC
Transcribing agency DLC
Modifying agency DLC
041 ## - LANGUAGE CODE
Language code of text/sound track or separate title eng
060 ## - NATIONAL LIBRARY OF MEDICINE CALL NUMBER
Classification number WF600 W131p
080 ## - UNIVERSAL DECIMAL CLASSIFICATION NUMBER
Universal Decimal Classification number 616.24 WAG
082 00 - DEWEY DECIMAL CLASSIFICATION NUMBER
Classification number 616.24 WAG
100 1# - Rafti
Rafti 7
101 ## - Shkurtesa
Shkurtesa KAR
245 10 - TITLE STATEMENT
Title Pathology of pulmonary hypertension /
Statement of responsibility, etc C. A. Wagenvoort and Noeke Wagenvoort ; foreword by Jesse E. Edwards.
504 ## - BIBLIOGRAPHY, ETC. NOTE
Bibliography, etc Includes bibliographies and index.
906 ## - LOCAL DATA ELEMENT F, LDF (RLIN)
a 7
b cbc
c orignew
d 1
e ocip
f 19
g y-gencatlg
942 ## - ADDED ENTRY ELEMENTS (KOHA)
Source of classification or shelving scheme
Item type Books
Holdings
Withdrawn status Lost status Source of classification or shelving scheme Damaged status Not for loan Collection code Permanent location Current location Shelving location Date acquired Total Checkouts Full call number Barcode Date last seen Price effective from Koha item type
          Koleksioni i përgjithshem UBT - Lipjan UBT - Lipjan Koleksioni i përgjithshem 08/09/2018   616.24 WAG 002-3010736 08/09/2018 08/09/2018 Books
UBT Library © 2015-2024. All rights reserved University Education for Business and Technology